000 00330nam a22001457a 4500
008 221205b ||||| |||| 00| 0 eng d
020 _a9781617319396
041 _aeng
080 _2FOURTH EDITION
_a611
082 _a611AME
100 _a10
101 _aANATO
245 _aANATOMY PHYSIOLOGY
_cAMERMAN C E
942 _2udc
_cBK
999 _c59085
_d59085